header

Designing and conducting business surveys (Record no. 36364)

MARC details
000 -LEADER
fixed length control field 01272nam a2200325Ia 4500
082 04 - DEWEY DECIMAL CLASSIFICATION NUMBER
Classification number 338.0072/3
100 1# - MAIN ENTRY--AUTHOR NAME
Personal name Snijkers, Ger,
245 10 - TITLE STATEMENT
Title Designing and conducting business surveys
260 ## - PUBLICATION, DISTRIBUTION, ETC. (IMPRINT)
Place of publication Hoboken, NJ :
Name of publisher John Wiley & Sons, Inc.,
Year of publication c2013.
300 ## - PHYSICAL DESCRIPTION
Number of Pages xxvii, 609 p. :
Other physical details ill. (some col.).
490 0# - SERIES STATEMENT
Series statement Wiley series in survey methodology ;
650 #0 - SUBJECT ADDED ENTRY--TOPICAL TERM
Topical Term Industrial surveys.
Topical Term Economics
856 40 - ELECTRONIC LOCATION AND ACCESS
Uniform Resource Identifier http://site.ebrary.com/lib/rucke/Doc?id=10738076

No items available.

© 2026 Rongo University
Contact us: librarian | system librarian | Rongo university